Culture générale #2 - Statistiques

Statistiques générales
  • Ce quiz a été pris 85 fois
  • Le résultat moyen est 9 sur 20
Statistiques - réponses
Questions Réponses % Correct
Quel scientifique a formulé la loi universelle de la gravitation ? Isaac Newton
80%
Quel philosophe grec est connu pour l'Allégorie de la caverne ? Platon
75%
Dans quel sport a-t-on besoin d'un driver, d'un putter ou de fers ? Golf
68%
Quel animal peut être à lunette, blanc ou malais ? L'ours
67%
Comment appelle-t-on le point dans l'océan Pacifique le plus éloigné de toute terre émergée sur Terre ? Point Nemo
65%
En quelle année a eu lieu la bataille de Marignan ? 1515
64%
Qui fut le dernier dirigeant de l'URSS ? Gorbatchev
64%
À quel courant appartenait Claude Monet ? Impressionnisme
64%
Quel président des États-Unis était en fonction lors de la Guerre de Sécession ? Abraham Lincoln
61%
Dans quel pays se trouve la Basilique Saint-Pierre ? Vatican
54%
De quel roman Phileas Fogg est-il le héros ? Le Tour du monde en quatre-vingts jours
51%
Combien de temps a duré la Guerre de Cent Ans ? 116 ans
49%
Quel groupe a sorti l'album "The Dark side of the moon" ? Pink Floyd
42%
En quelle année ont été organisé les premiers Jeux Olympiques modernes ? 1896
38%
De quel homme politique le "Petit Livre Rouge" est-il un recueil de citations et de discours ? Mao Zedong
36%
Dans quel film Louis de Funès interprète-t-il le chef d'orchestre Stanislas Lefort ? La Grande Vadrouille
30%
Au cours de quelle conférence la mise en oeuvre de la Solution finale est-elle décidée en 1942 ? Conférence de Wannsee
10%
Dans l'Antiquité, comment appelait-on l'Assemblée des citoyens de la cité d'Athènes ? Ecclesia
6%
Quel président de la IIIe République détient le record du mandat le plus court (6 mois et 19 jours) ? Jean Casimir-Perier
4%
Quel film est à le dernier à avoir obtenu les 5 Oscars majeurs (Meilleur film, meilleur réalisateur, meilleure actrice, meilleure acteur, meilleur scénario) ? Le Silence des agneaux
3%
Aucun quiz correspondant
Distribution des résultats
% des personnes avec chaque résultat
Percentile par nombre de réponses
Votre historique - résultats
Vous n’avez pas pris ce quiz